000 02436nam a2200325 a 4500
001 54443
003 AR-BaAGN
005 20240909125002.0
007 ta
008 s ag |||||r|||| ||| ||spa d
020 _a978-987-45322-5-1
040 _aAR-BaAGN
_bspa
_eaacr
245 0 0 _aGeneral Mosconi :
_bun lugar con identidad petrolera /
_cGraciela Ciselli, Marcelo Hernández (dir. y comp.).
250 _a1a ed.
260 _aComodoro Rivadavia :
_bBiblioteca Popular Astra,
_c2019.
300 _a220 p. :
_bfoto byn, gráfico, mapa, tabla ;
_c21 cm.
336 _btxt
_2rdacontent
337 _bn
_2rdamedia
338 _bnc
_2rdacarrier
490 1 _aHistoria y Patrimonio Patagónico /
_v3
505 0 _aPrólogo / Patricia Sampaoli -- Introducción / Graciela Ciselli -- Capítulo 1: La puesta en valor del patrinomio industrial por las propias comunidades locales / Graciela Ciselli, Pía Acevedo Méndez -- Capítulo 2: La normativa municipal aplicable al patrimonio industrial. Desafíos a las comunidades / Graciela Ciselli, Marcelo Hernández, Antonella Duplatt -- Capítulo 3: Orígenes y trayectoria urbana de una comunidad petrolera estatal en Comodoro Rivadavia. El "KM 3": de campamento fiscal a barrio de la ciudad bajo jurisdicción municipal / Daniel Cabral Marques -- Capítulo 4: La administración de Y.P.F. y la construcción de una identidad empresarial (1930-1950) / María José González Bonorino -- Capítulo 5: La construcción de una red educativa. El Colegio Salesiano Deán Funes y la Escuela de Artes y Oficios / Ana Infeld, Graciela Ciselli -- Capítulo 6: Los clubes de Y.P.F. en Comodoro Rivadavia (1930-1955). ¿De la participación inducida a la identidad asumida? / Norma Lorenc -- Capítulo 7: Los espacios de recreación: el parque Saavedra / Graciela Ciselli -- Capítulo 8: El Centro de Jubilados y Pensionados de Y.P.F. Memoria, patrimonio y recreación en la tercera edad / Marina Curzio -- Capítulo 9: Marionetas con historia / Mariana Libenson -- Capítulo 10: A modo de cierre: el desafío de ser un barrio patrimonial / Marcelo Hernández.
650 4 _aPATRIMONIO
_91890
650 4 _aPETRÓLEO
_92314
650 4 _aHISTORIA INDUSTRIAL
_91045
651 4 _aComodoro Rivadavia (Chubut)
_93794
700 1 _aCiselli, Graciela,
_d1966-
_98599
_ecom
_eaut
_eaui
_epbd
700 1 _aGonzález Bonorino, María José
_98601
942 _cLIBRO
_kAGN
_n0
999 _c54443
_d54443